000 00476nam a2200193Ia 4500
008 170918s9999 xx 000 0 und d
020 _a9780345525192
050 _bR539 2010
100 _aRickman, Amy
245 _aGleeful :
245 _ba totally unofficial guide to hit tv series glee /
245 _cby Amy Rickman.
260 _aUSA :
260 _bVillard Trade,
260 _c2010
300 _a219 pages :
300 _billustrations ;
300 _c20cm.
999 _c343451
_d343451